00395cam a22001097a 4500008004000000082001600040245006300056260005000119300001100169999001900180952008600199180718b1956 xxu||||| |||| 00| 0 eng d aZ29x42 Un3p aReport of the reorganisation commission for pigs and bacon aLondonbHer Majesty's Stationery Officec1956 a101+p. c427356d427356 00104070aIIPAbIIPAd2009-11-17oZ29x42 Un3pp4034r2018-07-21w2018-07-21yBK